| 000 | 01867nam a2200373 a 4500 | ||
|---|---|---|---|
| 001 | ebr10194108 | ||
| 003 | CaPaEBR | ||
| 006 | m u | ||
| 007 | cr cn||||||||| | ||
| 008 | 070103s2007 nyua sb 001 0 eng | ||
| 010 | _z 2007061463 | ||
| 020 | _z9781403977977 (alk. paper) | ||
| 020 | _z1403977976 (alk. paper) | ||
| 040 |
_aCaPaEBR _cCaPaEBR |
||
| 035 | _a(OCoLC)567827743 | ||
| 043 | _an-us--- | ||
| 050 | 1 | 4 |
_aPS228.M63 _bK45 2007eb |
| 082 | 0 | 4 |
_a810.9/005 _222 |
| 100 | 1 | _aKent, Alicia A. | |
| 245 | 1 | 0 |
_aAfrican, Native, and Jewish American literature and the reshaping of Modernism _h[electronic resource] / _cAlicia A. Kent. |
| 260 |
_aNew York : _bPalgrave Macmillan, _c2007. |
||
| 300 |
_ax, 230 p. : _bill. |
||
| 504 | _aIncludes bibliographical references (p. [189]-212) and index. | ||
| 505 | 0 | _aIntroduction -- African Americans: moving from caricatures to creators, Charles Chesnutt and Zora Neale Hurston -- Native Americans: moving from Primitive to Postmodern, Mourning Dove and D'Arcy McNickle -- Jewish Americans: moving from exile to authorship, Abraham Cahan and Anzia Yezierska. | |
| 533 |
_aElectronic reproduction. _bPalo Alto, Calif. : _cebrary, _d2013. _nAvailable via World Wide Web. _nAccess may be limited to ebrary affiliated libraries. |
||
| 650 | 0 |
_aAmerican literature _y20th century _xHistory and criticism. |
|
| 650 | 0 |
_aModernism (Literature) _zUnited States. |
|
| 650 | 0 |
_aAmerican literature _xAfrican American authors _xHistory and criticism. |
|
| 650 | 0 |
_aAmerican literature _xIndian authors _xHistory and criticism. |
|
| 650 | 0 |
_aAmerican literature _xJewish authors _xHistory and criticism. |
|
| 655 | 7 |
_aElectronic books. _2local |
|
| 710 | 2 | _aebrary, Inc. | |
| 856 | 4 | 0 |
_uhttp://site.ebrary.com/lib/rucke/Doc?id=10194108 _zAn electronic book accessible through the World Wide Web; click to view |
| 999 |
_c221269 _d221269 |
||